00364nam a2200109Ia 4500008004100000040001700041041001200058082001600070100004800086245005500134260006500189230917s9999||||xx |||||||||||||| ||und|| e233438aMAIN aEnglish a301.426 I2H aIndia Ministry of Health and Family Welfare 0aHealth and family welfare statistics in India 2015 aNew DelhibIndia Ministry of Health and Family Welfarec2015